000 00317nam a2200121Ia 4500
008 241014s9999||||xx |||||||||||||| ||und||
020 _a978-0-19-579888-3
100 _aBraynet, Nancy H
245 0 _aWomen in Nursing in Islamic Socites
260 _bOxford University Press
_c2003
300 _a358
942 _bION
_cBK
999 _c18689
_d18689